Možnosti zavedení a praktická aplikace analýzy odchylek na bázi standardních nákladů

Predstavenie spoločnosti T-mobile ČR. Sledovanie nákladov SAC (Subscriber acquisition costs) v spoločnosti. Navrhnuté zlepšenia pri komentovaní odchýlok na jednotlivých SAC.

Gespeichert in:
Bibliographische Detailangaben
1. Verfasser: Danielis, Radek
Format: Buchkapitel
Sprache:Tschechisch
Schlagworte:
Tags: Tag hinzufügen
Keine Tags, Fügen Sie das erste Tag hinzu!

MARC

LEADER 00000naa$a2200000$$$4500
001 0079068
005 20230509080405.7
041 0 |a cze 
044 |a CZ 
245 1 0 |a Možnosti zavedení a praktická aplikace analýzy odchylek na bázi standardních nákladů  |c Radek Danielis 
520 |a Predstavenie spoločnosti T-mobile ČR. Sledovanie nákladov SAC (Subscriber acquisition costs) v spoločnosti. Navrhnuté zlepšenia pri komentovaní odchýlok na jednotlivých SAC. 
610 2 0 |a spoločnosti 
610 2 0 |a náklady 
610 2 0 |a kontroling 
610 2 0 |a reporting 
610 2 0 |a dáta 
100 1 |a Danielis, Radek